00344nam a22001217a 4500082001000000100001600010245008800026260002600114300001300140526001900153650001400172700003600186 aT-214 aAbdul Anwar aA Conceptual Modal of Delay Factors Affecting Government Funded Hydropower Projects aRisalpur,bMCE,c2017 a63pbill a0b0c0dT_214 aMS CE&M-2 aMaj Muhammad Sohail Anwar Malik